Normal view
MARC view
Entry Personal Name
001 - CONTROL NUMBER
- control field: 21631
003 - CONTROL NUMBER IDENTIFIER
- control field: OSt
005 - DATE AND TIME OF LATEST TRANSACTION
- control field: 20210205161424.0
008 - FIXED-LENGTH DATA ELEMENTS
- fixed length control field: 210205|| aca||aabn | a|a d
040 ## - CATALOGING SOURCE
- Original cataloging agency: OSt
- Transcribing agency: OSt
100 ## - HEADING--PERSONAL NAME
- Personal name: Shin, Jae-Eun.
670 ## - SOURCE DATA FOUND
- Source citation: Work cat.: (OSt)514725: Shin, Jae-Eun. , Descending from demons, ascending to kshatriyas: Genealogical claims and political process in pre-modern Northeast India, The Chutiyas and the Dimasas
